000 00182 a2200097 4500
020 _a9788489163478
041 _aspa
100 _aWilliam Shakespeare
245 _aHamlet
942 _cK
999 _c26491
_d26491